000 00683nam a2200253Ia 4500
003 OSt
005 20220918222524.0
006 a|||||r|||| 00| 0
007 ta
008 220917b |||||||| |||| 00| 0 eng d
024 _a217,194
037 _cTextual
040 _aARTS
_cARTS
_beng
041 _2eng
_aeng
082 _aW:58(Z).1, P1
100 _aPogge Thomas W Ed.
_9143395
245 0 _aGlobal justice
260 _aUK
_bBlackwell Publishing
_c2001
300 _avi, 272p
_ccm.
490 _aMetaphilosophy series in philosophy
650 _aPOLITICAL SCIENCE
942 _hW:58(Z).1, P1
_cTEXL
_2CC
999 _c275793
_d275793